[Event "Titled Tuesday intern op 19th Dec Early"]
[Site "Chess.com INT"]
[Date "2023.12.19"]
[Round "1"]
[White "Zemlyanskii, Ivan"]
[Black "Dhananjay, S."]
[Result "1-0"]
[WhiteElo "2492"]
[BlackElo "2151"]
[PlyCount "61"]
[EventDate "2023.12.19"]
[EventType "swiss (blitz)"]
[EventRounds "11"]
[EventCountry "USA"]
[SourceTitle "CB52_2023"]
[SourceDate "2023.12.27"]
[SourceVersion "1"]
[SourceVersionDate "2023.12.27"]
[SourceQuality "1"]

1. d4 Nf6 2. c4 e6 3. Bf4 d5 4. Nc3 Be7 5. e3 0-0 6. Nf3 Nbd7 7. cxd5 exd5 8. Bd3 c6 9. Qc2 Re8 10. h3 Nf8 11. 0-0 Ng6 12. Bh2 Bd6 13. Bxd6 Qxd6 14. Rab1 a5 15. a3 Qe7 16. Rfc1 Ne4 17. b4 axb4 18. axb4 f5 19. b5 f4 20. bxc6 bxc6 21. Nxe4 dxe4 22. Qxc6 Bd7 23. Qd5+ Kh8 24. Bxe4 Qxe4 25. Qxd7 fxe3 26. fxe3 Qxe3+ 27. Kh1 Rad8 28. Qc6 Nf4 29. Re1 Ne2 30. Rb2 Nxd4 31. Qxe8+ 1-0

[Event "IND-ch 60th"]
[Site "Pune"]
[Date "2023.08.25"]
[Round "10"]
[White "Dhananjay, S."]
[Black "Krishna, C Revanth Gopala"]
[Result "0-1"]
[WhiteElo "2133"]
[BlackElo "2405"]
[PlyCount "80"]
[EventDate "2023.08.16"]
[EventType "swiss"]
[EventRounds "11"]
[EventCountry "IND"]
[SourceTitle "EXT 2024"]
[Source "ChessBase"]
[SourceDate "2023.10.10"]
[SourceVersion "1"]
[SourceVersionDate "2023.10.10"]
[SourceQuality "1"]

1. c4 e5 2. Nc3 Nf6 3. Nf3 e4 4. Ng5 c6 5. Qa4 b5 6. cxb5 d5 7. bxc6 Qb6 8. e3 Be7 9. Nh3 0-0 10. Nf4 Rd8 11. d4 g5 12. Nfe2 Nxc6 13. a3 Bd7 14. Qd1 Na5 15. b4 Nc4 16. h4 h6 17. hxg5 hxg5 18. Ng3 Bg4 19. Qb3 Na5 20. Qa4 Nb7 21. Qb3 Rab8 22. Bd2 Kg7 23. Na4 Qe6 24. Qc3 Bd6 25. Ne2 Rh8 26. Rxh8 Rxh8 27. Nc5 Qc8 28. Bc1 Rh1 29. Bb2 Bb8 30. Na6 Qe8 31. Nxb8 Bxe2 32. Kxe2 Qb5+ 33. Kd2 Rxf1 34. Rxf1 Qxf1 35. Kc2 Nd6 36. Nc6 Ng4 37. Nxa7 Nxf2 38. Kb3 Nc4 39. Qc1 Qd3+ 40. Qc3 Nd2+ 0-1

[Event "Titled Tuesday intern op 01st Aug Late"]
[Site "Chess.com INT"]
[Date "2023.08.01"]
[Round "1"]
[White "Peatman, Carter F"]
[Black "Dhananjay, S."]
[Result "0-1"]
[WhiteElo "2015"]
[BlackElo "2133"]
[PlyCount "90"]
[EventDate "2023.08.01"]
[EventType "swiss (blitz)"]
[EventRounds "11"]
[EventCountry "USA"]
[SourceTitle "EXT 2024"]
[Source "ChessBase"]
[SourceDate "2023.10.10"]
[SourceVersion "1"]
[SourceVersionDate "2023.10.10"]
[SourceQuality "1"]

1. d4 Nf6 2. Bf4 e6 3. e3 c5 4. Nd2 b6 5. c3 Bb7 6. Ngf3 Nc6 7. Bd3 Be7 8. e4 0-0 9. 0-0 d6 10. Qe2 cxd4 11. cxd4 Nb4 12. Rfe1 Rc8 13. a3 Nc2 14. Bxc2 Rxc2 15. Qd3 Qc8 16. Qb3 Qc6 17. Rad1 Rc8 18. Bg5 h6 19. Bh4 Qd7 20. Bxf6 Bxf6 21. Nb1 R2c4 22. e5 Be7 23. Nbd2 Rc2 24. Ne4 dxe5 25. dxe5 Bd5 26. Nc3 Bxb3 27. Rxd7 Bc5 28. Rd2 Bxa3 29. Rxc2 Bxc2 30. bxa3 Rxc3 31. Rc1 Rc4 32. Ne1 Bb3 33. Rxc4 Bxc4 34. f4 Kf8 35. Kf2 Ke7 36. Ke3 Kd7 37. Kd4 Bd5 38. Nd3 Bxg2 39. Nb4 Bb7 40. Nd3 a5 41. Kc4 Ba6+ 42. Kc3 Bxd3 43. Kxd3 Kc6 44. Kc3 b5 45. Kb3 Kc5 0-1

[Event "Titled Tuesday intern op 18th Jul Early"]
[Site "Chess.com INT"]
[Date "2023.07.18"]
[Round "10"]
[White "Dehtiarov, Roman"]
[Black "Dhananjay, S."]
[Result "1/2-1/2"]
[WhiteElo "2308"]
[BlackElo "2155"]
[PlyCount "136"]
[EventDate "2023.07.18"]
[EventType "swiss (blitz)"]
[EventRounds "11"]
[EventCountry "USA"]
[SourceTitle "EXT 2024"]
[Source "ChessBase"]
[SourceDate "2023.10.10"]
[SourceVersion "1"]
[SourceVersionDate "2023.10.10"]
[SourceQuality "1"]

1. c4 Nf6 2. Nc3 e6 3. e4 d5 4. cxd5 exd5 5. e5 Ne4 6. Nf3 Bf5 7. d3 Nxc3 8. bxc3 Be7 9. d4 c5 10. Bd3 Bxd3 11. Qxd3 Nc6 12. Rb1 Rb8 13. 0-0 0-0 14. Be3 c4 15. Qc2 b5 16. Bd2 b4 17. Qa4 Qb6 18. cxb4 Nxd4 19. Nxd4 Qxd4 20. Be3 Qxe5 21. Qxa7 Ra8 22. Qd7 Rfd8 23. Qb5 Bf6 24. Bc5 c3 25. Rfe1 c2 26. Rbc1 Qb2 27. Qe2 Qxa2 28. Rxc2 Qa4 29. Rd1 Re8 30. Qd3 Rad8 31. h3 h6 32. Rcd2 Re4 33. Qf3 Rde8 34. Rxd5 Re1+ 35. Rxe1 Rxe1+ 36. Kh2 Qa1 37. g3 Re8 38. Rd3 Qf1 39. Re3 Rb8 40. Ra3 Rd8 41. Ra8 Rxa8 42. Qxa8+ Kh7 43. Qe4+ g6 44. Qf3 Kg7 45. Bf8+ Kxf8 46. Qxf6 h5 47. h4 Kg8 48. Qd8+ Kh7 49. Qd4 Kg8 50. Qc5 Kh7 51. b5 Qb1 52. b6 Kg7 53. Qd4+ Kh7 54. Qc5 Qb2 55. Qe3 Qb5 56. Kg2 Qc6+ 57. Kh2 Qb5 58. Qd4 Qc6 59. Kg1 Qc1+ 60. Kg2 Qc6+ 61. Kh2 Qb5 62. Qf6 Kg8 63. Qd8+ Kh7 64. Qc7 Qf5 65. Qf4 Qd5 66. Qc7 Qf3 67. Qf4 Qd5 68. Qe3 Qb5 1/2-1/2

[Event "Titled Tuesday intern op 18th Jul Early"]
[Site "Chess.com INT"]
[Date "2023.07.18"]
[Round "11"]
[White "Dhananjay, S."]
[Black "Morefield, Jason P"]
[Result "1/2-1/2"]
[WhiteElo "2155"]
[BlackElo "2226"]
[PlyCount "52"]
[EventDate "2023.07.18"]
[EventType "swiss (blitz)"]
[EventRounds "11"]
[EventCountry "USA"]
[SourceTitle "EXT 2024"]
[Source "ChessBase"]
[SourceDate "2023.10.10"]
[SourceVersion "1"]
[SourceVersionDate "2023.10.10"]
[SourceQuality "1"]

1. c4 e5 2. Nc3 Bb4 3. Nf3 Bxc3 4. dxc3 d6 5. e4 Nf6 6. Bd3 0-0 7. 0-0 Nbd7 8. Bc2 Nc5 9. h3 Ncxe4 10. Re1 Nc5 11. b4 Ne6 12. a4 a5 13. Be3 b6 14. Qd2 Bb7 15. Ng5 Nxg5 16. Bxg5 h6 17. Be3 Qe7 18. Bxh6 gxh6 19. Qxh6 Ne4 20. Bxe4 Bxe4 21. Rxe4 f5 22. Rh4 Qg7 23. Qe6+ Qf7 24. Qh6 Qg7 25. Qe6+ Qf7 26. Qh6 Qg7 1/2-1/2

[Event "Titled Tuesday intern op 11th Jul Early"]
[Site "Chess.com INT"]
[Date "2023.07.11"]
[Round "2"]
[White "Dhananjay, S."]
[Black "Sariego Figueredo, Wilfredo"]
[Result "1-0"]
[WhiteElo "2155"]
[BlackElo "2318"]
[PlyCount "50"]
[EventDate "2023.07.11"]
[EventType "swiss (blitz)"]
[EventRounds "11"]
[EventCountry "USA"]
[SourceTitle "EXT 2024"]
[Source "ChessBase"]
[SourceDate "2023.10.10"]
[SourceVersion "1"]
[SourceVersionDate "2023.10.10"]
[SourceQuality "1"]

1. Nf3 d5 2. b3 Nf6 3. Bb2 Nc6 4. d4 e6 5. e3 Be7 6. a3 0-0 7. Bd3 Ne4 8. Nbd2 f5 9. 0-0 Bd6 10. Ne5 Bxe5 11. dxe5 a6 12. b4 Kh8 13. f3 Nxd2 14. Qxd2 b5 15. a4 Rb8 16. axb5 axb5 17. Bd4 Bd7 18. c3 Rg8 19. Bc2 g5 20. e4 dxe4 21. fxe4 Nxd4 22. cxd4 f4 23. d5 Qe7 24. Qd4 c6 25. Ra7 Qe8 1-0

[Event "Titled Tuesday intern op 04th Jul Late"]
[Site "Chess.com INT"]
[Date "2023.07.04"]
[Round "10"]
[White "Fernandez Guillen, Ernesto J"]
[Black "Dhananjay, S."]
[Result "1/2-1/2"]
[WhiteElo "2467"]
[BlackElo "2155"]
[PlyCount "84"]
[EventDate "2023.07.04"]
[EventType "swiss (blitz)"]
[EventRounds "11"]
[EventCountry "USA"]
[SourceTitle "EXT 2024"]
[Source "ChessBase"]
[SourceDate "2023.10.10"]
[SourceVersion "1"]
[SourceVersionDate "2023.10.10"]
[SourceQuality "1"]

1. e4 c5 2. Nf3 d6 3. d4 cxd4 4. Nxd4 Nf6 5. Nc3 Nc6 6. Bc4 Qb6 7. Ndb5 a6 8. Be3 Qa5 9. Nd4 Bd7 10. Nb3 Qc7 11. Bd3 e6 12. f4 b5 13. a3 h5 14. Qf3 Be7 15. h3 h4 16. 0-0-0 Bc8 17. e5 Nd7 18. Bxb5 axb5 19. Nxb5 Qb7 20. Nxd6+ Bxd6 21. Rxd6 Ne7 22. Qg4 Nf5 23. Rd3 Qe4 24. Re1 Ba6 25. Rc3 0-0 26. Bf2 Qb7 27. Bxh4 Rfc8 28. Rf3 Qc6 29. Rc3 Qa4 30. Bf2 Rxc3 31. bxc3 Qxa3+ 32. Kd2 Rd8 33. Qg5 f6 34. exf6 Nxf6+ 35. Bd4 Bc4 36. g4 Nxd4 37. Nxd4 Rxd4+ 38. cxd4 Qb4+ 39. Kd1 Qb1+ 40. Kd2 Qb4+ 41. Kd1 Qb1+ 42. Kd2 Qb4+ 1/2-1/2

[Event "Titled Tuesday intern op 04th Jul Early"]
[Site "Chess.com INT"]
[Date "2023.07.04"]
[Round "9"]
[White "Radzhabov, Rodion"]
[Black "Dhananjay, S."]
[Result "1-0"]
[WhiteElo "2303"]
[BlackElo "2155"]
[PlyCount "107"]
[EventDate "2023.07.04"]
[EventType "swiss (blitz)"]
[EventRounds "11"]
[EventCountry "USA"]
[SourceTitle "EXT 2024"]
[Source "ChessBase"]
[SourceDate "2023.10.10"]
[SourceVersion "1"]
[SourceVersionDate "2023.10.10"]
[SourceQuality "1"]

1. e4 c5 2. Nf3 d6 3. d4 cxd4 4. Qxd4 Nc6 5. Bb5 Bd7 6. Bxc6 Bxc6 7. Nc3 Nf6 8. Bg5 e6 9. 0-0-0 Be7 10. Qd3 Qa5 11. h4 Qa6 12. Qxa6 bxa6 13. Bxf6 gxf6 14. Nd4 Bb7 15. f4 Rg8 16. f5 Kd7 17. Rd2 Rg4 18. Nb3 Kc7 19. Nd4 Kd7 20. Re1 Rag8 21. Nb3 Kc7 22. Nd4 Bc8 23. Ree2 Bf8 24. Kb1 Bh6 25. Rd3 Rxg2 26. Rxg2 Rxg2 27. a4 Bf4 28. Nce2 Be5 29. Rc3+ Kd8 30. Nc6+ Kd7 31. Nxe5+ fxe5 32. Ng3 Bb7 33. Nh5 f6 34. Nxf6+ Ke7 35. Rc7+ Kxf6 36. Rxb7 exf5 37. exf5 e4 38. Rd7 Kxf5 39. Re7 Kf4 40. c4 e3 41. b4 e2 42. Kc1 Kf3 43. Kd2 Rg4 44. c5 dxc5 45. bxc5 Rxa4 46. c6 Ra2+ 47. Kd3 Ra3+ 48. Kd2 Ra2+ 49. Kd3 Ra1 50. c7 Rd1+ 51. Kc2 Rd7 52. Rxd7 e1Q 53. c8Q Qe2+ 54. Rd2 1-0

[Event "Bhubaneswar op-A 14th"]
[Site "Bhubaneswar"]
[Date "2023.06.13"]
[Round "3"]
[White "Dhananjay, S."]
[Black "Snehil, Raj Singh"]
[Result "1-0"]
[WhiteElo "2240"]
[BlackElo "1603"]
[PlyCount "131"]
[EventDate "2023.06.11"]
[EventType "swiss"]
[EventRounds "10"]
[EventCountry "IND"]
[SourceTitle "CBM 214 Extra"]
[Source "ChessBase"]
[SourceDate "2023.07.31"]
[SourceVersion "1"]
[SourceVersionDate "2023.07.31"]
[SourceQuality "1"]

1. c4 e6 2. Nf3 Nf6 3. g3 d5 4. b3 Be7 5. Bg2 0-0 6. 0-0 c5 7. Bb2 d4 8. e3 Nc6 9. exd4 cxd4 10. Re1 Qc7 11. d3 e5 12. Na3 Bg4 13. h3 Bh5 14. g4 Bg6 15. Nb5 Qb8 16. Nh4 Bb4 17. Re2 a6 18. Na3 Nd7 19. Nc2 Be7 20. Nxg6 fxg6 21. Qf1 Bd6 22. Bd5+ Kh8 23. Qg2 Qc7 24. Bxc6 bxc6 25. b4 Rab8 26. Ba3 c5 27. bxc5 Bxc5 28. Bxc5 Nxc5 29. Qg3 Qb7 30. Rxe5 Rf3 31. Qg2 Nxd3 32. Re7 Qxe7 33. Qxf3 Ne5 34. Qe4 Rd8 35. Rd1 d3 36. Ne3 Qc5 37. Kg2 d2 38. Rxd2 Re8 39. Rd5 Qc6 40. Rd4 Qc8 41. Qd5 h6 42. Re4 Nf7 43. Rxe8+ Qxe8 44. c5 Ne5 45. Qe4 Qb8 46. Qd5 g5 47. Qd6 Qxd6 48. cxd6 Kg8 49. Nc4 Nd7 50. Kf3 Kf7 51. Ke4 Ke6 52. Kd4 g6 53. a3 a5 54. Nxa5 Kxd6 55. Nc4+ Ke6 56. a4 Nb8 57. Kc5 Nd7+ 58. Kc6 Nb8+ 59. Kb7 Nd7 60. a5 h5 61. Nd2 Kd5 62. Nf3 hxg4 63. hxg4 Ke4 64. Nxg5+ Kf4 65. Ne6+ Kxg4 66. a6 1-0

[Event "Indore op 1st"]
[Site "Indore"]
[Date "2023.04.07"]
[Round "9"]
[White "Dhananjay, S."]
[Black "Krasenkow, Michal"]
[Result "1/2-1/2"]
[WhiteElo "2234"]
[BlackElo "2527"]
[PlyCount "122"]
[EventDate "2023.04.01"]
[EventType "swiss"]
[EventRounds "10"]
[EventCountry "IND"]
[SourceTitle "CBM 213 Extra"]
[Source "ChessBase"]
[SourceDate "2023.05.31"]
[SourceVersion "1"]
[SourceVersionDate "2023.05.31"]
[SourceQuality "1"]

1. c4 e5 2. Nc3 Nf6 3. Nf3 Nc6 4. g3 Bb4 5. Bg2 0-0 6. 0-0 Re8 7. Ne1 d6 8. Nc2 Bxc3 9. dxc3 e4 10. Ne3 Ne5 11. b3 b6 12. f4 exf3 13. exf3 Bb7 14. Rf2 Ng6 15. Nd5 c6 16. Nxf6+ Qxf6 17. f4 Re7 18. f5 Rae8 19. Ba3 Nf8 20. Qxd6 Qxc3 21. Bb2 Re1+ 22. Rxe1 Qxe1+ 23. Rf1 Qe3+ 24. Kh1 Qe2 25. Rb1 Qc2 26. Qd1 Qxf5 27. Rc1 Ba8 28. c5 bxc5 29. Ba3 c4 30. bxc4 Qa5 31. Bd6 c5 32. Bxa8 Rxa8 33. Qf3 Rd8 34. Rf1 Rd7 35. Bxf8 Kxf8 36. Qf5 Qc7 37. Qxh7 Qe5 38. Qh8+ Ke7 39. Qh4+ g5 40. Qh7 Kd8 41. Qg8+ Kc7 42. Qa8 Re7 43. Qxa7+ Kc8 44. Qa8+ Kc7 45. Qf3 Qd4 46. Rb1 Qe4 47. Qxe4 Rxe4 48. Rf1 Rxc4 49. Rxf7+ Kb6 50. Rf2 Rc1+ 51. Kg2 g4 52. h3 gxh3+ 53. Kxh3 c4 54. Rf8 Ra1 55. Rc8 Kb5 56. g4 Rxa2 57. g5 Kb4 58. Kg4 c3 59. g6 Rg2+ 60. Kf5 c2 61. g7 Kb3 1/2-1/2

[Event "IND-ch 59th"]
[Site "New Delhi"]
[Date "2023.01.02"]
[Round "12"]
[White "Dhananjay, S."]
[Black "Shahil, Dey"]
[Result "1-0"]
[WhiteElo "2199"]
[BlackElo "2381"]
[PlyCount "71"]
[EventDate "2022.12.22"]
[EventType "swiss"]
[EventRounds "13"]
[EventCountry "IND"]
[SourceTitle "CBM 211 Extra"]
[Source "ChessBase"]
[SourceDate "2023.01.31"]
[SourceVersion "1"]
[SourceVersionDate "2023.01.31"]
[SourceQuality "1"]

1. d4 Nf6 2. c4 e6 3. Nf3 d5 4. Nc3 c6 5. e3 Nbd7 6. Be2 Bd6 7. 0-0 0-0 8. b3 b6 9. Bb2 Bb7 10. Bd3 h6 11. Rc1 Qe7 12. e4 dxe4 13. Nxe4 Nxe4 14. Bxe4 Nf6 15. Bb1 Ba3 16. Bxa3 Qxa3 17. c5 Rfd8 18. Qc2 Rd5 19. Rfe1 Rad8 20. Qc3 bxc5 21. dxc5 Ba6 22. Ne5 Bb5 23. Qe3 Re8 24. h3 a5 25. Qc3 Red8 26. Qe3 Re8 27. Qc3 Nd7 28. Nxd7 Rxd7 29. Rcd1 Red8 30. Rxd7 Rxd7 31. Qe5 Kf8 32. Bg6 Re7 33. Qb8+ Re8 34. Qf4 Re7 35. Rxe6 Qxc5 36. Qb8+ 1-0

[Event "IND-ch 59th"]
[Site "New Delhi"]
[Date "2022.12.27"]
[Round "6"]
[White "Dhananjay, S."]
[Black "Mithun, Anand V"]
[Result "1-0"]
[WhiteElo "2199"]
[BlackElo "1848"]
[PlyCount "83"]
[EventDate "2022.12.22"]
[EventType "swiss"]
[EventRounds "13"]
[EventCountry "IND"]
[SourceTitle "CBM 211 Extra"]
[Source "ChessBase"]
[SourceDate "2023.01.31"]
[SourceVersion "1"]
[SourceVersionDate "2023.01.31"]
[SourceQuality "1"]

1. Nf3 Nf6 2. c4 b6 3. g3 c5 4. Bg2 Bb7 5. 0-0 g6 6. Nc3 Bg7 7. Re1 0-0 8. e4 Nc6 9. b3 d6 10. Bb2 Nd7 11. d3 a6 12. Qd2 Nde5 13. Nh4 Nd4 14. Ne2 Nec6 15. Nxd4 Nxd4 16. f4 b5 17. Nf3 Nxf3+ 18. Bxf3 Bxb2 19. Qxb2 Qb6 20. Qf2 a5 21. Rab1 b4 22. h4 a4 23. h5 axb3 24. axb3 f6 25. Qh2 Kg7 26. Qh3 Qc7 27. Re2 e5 28. Rh2 Rh8 29. Rf1 Qe7 30. Bg4 Bc8 31. Bxc8 Raxc8 32. Ra1 Rc7 33. hxg6 h6 34. Ra8 Qd7 35. Qxd7+ Rxd7 36. Rxh8 Kxh8 37. Rxh6+ Kg8 38. f5 Ra7 39. g4 Ra3 40. g5 fxg5 41. f6 Ra8 42. Rh7 1-0